000 00944nam a22002897a 4500
001 BR7701964
003 BR-BrBNA
005 20230928085241.0
007 ta
008 230509b bl.||||| |||| 00| 0 por d
040 _aBR-BrBNA
_bpor
_cBiblioteca Nacional de Agricultura
041 _a(Por)
072 _aA50
_b0230
_b/G514
090 _ 0230 BR7701964
100 1 _aCarvalho, L.C.C.
100 1 _aSousa, J.A.G.C.
110 1 _aPrograma Nacional de Melhoramento da Cana-de-Acucar, Piracicaba, SP (Brasil). Coordenadoria Geral
_98029
245 1 _aA pesquisa agricola da cana-de-acucar a nivel nacional, estrategia adotada e resultados obtidos [Saccharum spp, Brasil]
260 3 _aPiracicaba, SP (Brasil):
_c1977.
300 _a12 p.
500 _a11 ref.; Summary (Eng)
650 _aPESQUISA AGRICOLA
650 _aCANA DE ACUCAR
650 _aINSTITUICAO DE PESQUISA
909 _a202309
_bLucia
_c55
_dLucia Elande
942 _cBK
999 _c23498
_d23498